Edificios espectaculares (Record no. 14249)
[ view plain ]
| 000 -CABECERA | |
|---|---|
| campo de control de longitud fija | 01173nam a2200277 4500 |
| 003 - IDENTIFICADOR DEL NÚMERO DE CONTROL | |
| campo de control | EC-UNACH |
| 005 - FECHA Y HORA DE LA ÚLTIMA TRANSACCIÓN | |
| campo de control | 20251204150258.0 |
| 006 - CÓDIGOS DE INFORMACIÓN DE LONGITUD FIJA--CARACTERÍSTICAS DEL MATERIAL ADICIONAL | |
| campo de control de longitud fija | s||||gr|||| 00| 00 |
| 008 - DATOS DE LONGITUD FIJA--INFORMACIÓN GENERAL | |
| campo de control de longitud fija | 150116t9999 mx r gr 000 0 spa d |
| 020 ## - NÚMERO INTERNACIONAL ESTÁNDAR DEL LIBRO | |
| Número Internacional Estándar del Libro | 978-3-8228-4147-1 |
| 040 ## - FUENTE DE LA CATALOGACIÓN | |
| Centro catalogador/agencia de origen | EC-UNACH |
| Centro/agencia transcriptor | EC-UNACH |
| 041 ## - CÓDIGO DE LENGUA | |
| Código de lengua del texto/banda sonora o título independiente | spa |
| 082 04 - NÚMERO DE LA CLASIFICACIÓN DECIMAL DEWEY | |
| Número de edición | 23 |
| Número de clasificación | L018468 |
| Número de documento/Ítem | 720 |
| 100 ## - ENTRADA PRINCIPAL--NOMBRE DE PERSONA | |
| Nombre de persona | Schleifer, Simone |
| 245 ## - MENCIÓN DE TÍTULO | |
| Título | Edificios espectaculares |
| 264 ## - Producción, publicación, distribución, fabricación y copyright | |
| Lugar de producción, publicación, distribución, fabricación | España |
| Nombre del de productor, editor, distribuidor, fabricante | Taschen |
| Fecha de de producción, publicación, distribución, fabricación o copyright | 2007 |
| 300 ## - DESCRIPCIÓN FÍSICA | |
| Extensión | 378 páginas |
| Otras características físicas | fotografías |
| Dimensiones | 25 x 25 centímetros |
| 501 ## - NOTA DE "CON" | |
| Nota de “Con” | Incluye índice |
| 505 ## - NOTA DE CONTENIDO CON FORMATO | |
| Nota de contenido con formato | UFA Cinema Center -- Biblioteca de Seattle -- Casa de música -- Extensión del denver art museum -- Castellum -- Museo Mercedes Benz -- Prada aoyama epicenter -- Ing. head office -- La defense -- Funder factory 3 -- Aeropuerto de Madrid - Barajas -- The boston convention &exhibition center -- Torre agbar -- Sony center -- Hesperia tower -- Jumeirah emirates towers -- Expo 2 -- Disney concert hall L.A. Guggenheim bilbao. |
| 650 ## - PUNTO DE ACCESO ADICIONAL DE MATERIA--TÉRMINO DE MATERIA | |
| Término de materia o nombre geográfico como elemento inicial | EDIFICACIONES |
| 650 ## - PUNTO DE ACCESO ADICIONAL DE MATERIA--TÉRMINO DE MATERIA | |
| Término de materia o nombre geográfico como elemento inicial | ARQUITECTURA |
| 942 ## - ELEMENTOS DE PUNTO DE ACCESO ADICIONAL (KOHA) | |
| Fuente del sistema de clasificación o colocación | Clasificación Decimal Dewey |
| Tipo de ítem Koha | Libros |
| 999 ## - NÚMEROS DE CONTROL DE SISTEMA (KOHA) | |
| Koha biblionumber | 14249 |
| Estado de pérdida | Fuente del sistema de clasificación o colocación | Estado dañado | No para préstamo | Localización permanente | Ubicación/localización actual | Ubicación en estantería | Fecha de adquisición | Fuente de adquisición | Número de inventario | Total de préstamos | Signatura topográfica completa | Código de barras | Fecha visto por última vez | Número de copia | Precio válido a partir de | Tipo de ítem Koha | Centro de costos |
|---|---|---|---|---|---|---|---|---|---|---|---|---|---|---|---|---|---|
| Clasificación Decimal Dewey | Biblioteca Campus Norte | Biblioteca Campus Norte | Arquitectura | 04/12/2025 | DONACIÓN CGB.ITB-010-2025 | 333593 | 720 SCH L018468 | L018468 | 04/12/2025 | Ejemplar: 01 | 04/12/2025 | Libros |